000 00938cam a2200217 4500
001 WB3811-31
008 020321n2002 000 0 eng u
035 _a(Sirsi) u117197
245 _aNeighbourhood managers - next stage
260 _c2002
490 _aDTLR News Release
_v(0116) 20 March 2002, (3)
520 _aNeighbourhood Management Pathfinders are set to push forward change in 20 deprived communities. The successful neighbourhood managers will provide a one-stop-shop service for residents with local agencies joining forces to solve housing, health, crime, unemployment, and environmental problems. List of 20 Pathfinders. http://www.press.dtlr.gov.uk/pns/DisplayPN.cgi?pn_id=2002_0116
590 _aWB
650 _aPATHFINDER
650 _aNEIGHBOURHOOD MANAGEMENT
650 _aREGENERATION SCHEMES
650 _aNEIGHBOURHOOD RENEWAL
650 _aDEPRIVED AREAS
690 _aREGENERATION
942 _n0
999 _c69825
_d69825